00418nam a2200145Ia 4500003000400000005001700004008004100021040000900062082001900071100002700090245009200117260003300209300000900242650002100251OSt20210125094958.0190216s9999||||xx |||||||||||||| ||und|| coclc a378.076bBOO/C aBookhives Study Circle 0aCSIR- UGC National Eligibility Test for JRF and Eligibility For Lectureship /cBookhive bBookhive,c2013.aNew Delhi: a325p aCompulsory Paper